000 00339nam a2200133Ia 4500
008 220524s9999 xx 000 0 und d
041 _aeng
082 _a746.1
100 _aShah K.M.
_96708
245 _aHandbook of Synthetic Dyes and Pigments Vol.3
260 _bMulti-tech Publicity Co.,
_c1998
650 _aDyeing
_96709
906 _a642
999 _c6987
_d6987